| 000 | 00629nam a22002177a 4500 | ||
|---|---|---|---|
| 003 | LK-CoDNM | ||
| 005 | 20241004145355.0 | ||
| 008 | 241004b |||||||| |||| 00| 0 eng d | ||
| 040 |
_aLK-CoDNM _dLK-CoDNM _eLK-CoDNM |
||
| 041 | _aeng | ||
| 080 |
_a105 _bA33 |
||
| 100 | _aEdiriweera, S.A. | ||
| 245 | _aTeachings of the Buddha helpful in medical practice | ||
| 260 |
_aDehiwala, Sri Lanka _bAnnie Avenue, Dehiwala _c1999 |
||
| 300 | _b25p. ; 24 cm | ||
| 650 | _aEdiriweera, S.A. | ||
| 650 | _aTeachings of the Buddha helpful in medical practice | ||
| 650 | _aAnnie Avenue, Dehiwala | ||
| 650 | _a105 A33 | ||
| 942 | _cBK | ||
| 999 |
_c217734 _d217734 |
||